[Event "ODJM C 2024"]
[Site "Willingen GER"]
[Date "2024.05.22"]
[Round "5"]
[White "Wilke, Finja"]
[Black "Piotrowski, Jaro"]
[Result "1-0"]
[Termination "normal"]
[Board "24"]
[WhiteElo "1055"]
[BlackElo "1223"]
[WhiteClock "01:11:00"]
[BlackClock "01:27:06"]
[PlyCount "69"]
[WhiteFideId "16288360"]
[BlackFideId "34664629"]
[EventCountry "GER"]
[EventRounds "9"]
[EventType "swiss"]
[EventDate "2024.05.18"]

1. e4 {[%clk 01:30:55]} {[%emt 00:00:05]} e5 {[%clk 01:30:25]} {[%emt
00:00:36]} 2. Nf3 {[%clk 01:30:59]} {[%emt 00:00:26]} Nc6 {[%clk 01:30:07]}
{[%emt 00:00:47]} 3. Nc3 {[%clk 01:30:56]} {[%emt 00:00:34]} Nf6 {[%clk
01:29:25]} {[%emt 00:01:10]} 4. Bb5 {[%clk 01:31:11]} {[%emt 00:00:17]} a6
{[%clk 01:29:44]} {[%emt 00:00:10]} 5. Bxc6 {[%clk 01:31:21]} {[%emt 00:00:20]}
dxc6 {[%clk 01:29:24]} {[%emt 00:00:51]} 6. O-O {[%clk 01:31:24]} {[%emt
00:00:26]} Bd6 {[%emt 00:00:16]} 7. d4 {[%emt 00:02:30]} exd4 {[%clk 01:28:21]}
{[%emt 00:01:33]} 8. Qxd4 {[%clk 01:29:20]} {[%emt 00:00:49]} O-O {[%clk
01:27:48]} {[%emt 00:01:03]} 9. Bg5 {[%clk 01:25:14]} {[%emt 00:04:34]} Bg4
{[%clk 01:27:25]} {[%emt 00:00:54]} 10. Nd2 {[%clk 01:19:13]} {[%emt 00:06:31]}
Bxh2+ {[%clk 01:27:43]} {[%emt 00:00:13]} 11. Kxh2 {[%clk 01:17:37]} {[%emt
00:02:05]} Qxd4 {[%clk 01:28:05]} {[%emt 00:00:08]} 12. f3 {[%clk 01:16:47]}
{[%emt 00:01:21]} Qe5+ {[%clk 01:27:12]} {[%emt 00:01:23]} 13. f4 {[%clk
01:16:25]} {[%emt 00:00:51]} Qd6 {[%clk 01:26:56]} {[%emt 00:00:45]} 14. Nc4
{[%clk 01:15:13]} {[%emt 00:01:44]} Qc5 {[%clk 01:25:57]} {[%emt 00:01:28]} 15.
Ne5 {[%clk 01:15:02]} {[%emt 00:00:32]} h6 {[%clk 01:25:21]} {[%emt 00:01:15]}
16. Bxf6 {[%clk 01:15:13]} {[%emt 00:00:18]} gxf6 {[%clk 01:25:40]} {[%emt
00:00:12]} 17. Nxg4 {[%clk 01:15:01]} {[%emt 00:00:41]} Qh5+ {[%clk 01:26:03]}
{[%emt 00:00:08]} 18. Kg3 {[%clk 01:15:05]} {[%emt 00:00:26]} f5 {[%clk
01:26:24]} {[%emt 00:00:10]} 19. Nf6+ {[%clk 01:15:26]} {[%emt 00:00:08]} Kh7
{[%clk 01:26:38]} {[%emt 00:00:16]} 20. Nxh5 {[%clk 01:15:48]} {[%emt
00:00:07]} Rg8+ {[%clk 01:27:03]} {[%emt 00:00:06]} 21. Kf3 {[%clk 01:14:12]}
{[%emt 00:02:06]} fxe4+ {[%clk 01:27:25]} {[%emt 00:00:08]} 22. Nxe4 {[%clk
01:14:22]} {[%emt 00:00:20]} f5 {[%clk 01:27:43]} {[%emt 00:00:12]} 23. Nef6+
{[%clk 01:13:42]} {[%emt 00:01:11]} Kg6 {[%clk 01:27:56]} {[%emt 00:00:16]} 24.
Nxg8 {[%clk 01:14:00]} {[%emt 00:00:12]} Rxg8 {[%clk 01:28:25]} {[%emt
00:00:02]} 25. g4 {[%clk 01:13:08]} {[%emt 00:01:22]} fxg4+ {[%clk 01:28:35]}
{[%emt 00:00:20]} 26. Kxg4 {[%clk 01:13:28]} {[%emt 00:00:10]} Kf7+ {[%clk
01:28:26]} {[%emt 00:00:39]} 27. Kh4 {[%clk 01:11:59]} {[%emt 00:01:57]} b5
{[%clk 01:27:38]} {[%emt 00:01:20]} 28. Rg1 {[%clk 01:11:56]} {[%emt 00:00:33]}
Rd8 {[%emt 00:00:13]} 29. Rg7+ {[%emt 00:00:37]} Ke6 {[%clk 01:26:59]} {[%emt
00:00:19]} 30. Rxc7 {[%clk 01:12:10]} {[%emt 00:00:16]} Kd6 {[%clk 01:27:14]}
{[%emt 00:00:14]} 31. Rh7 {[%clk 01:12:17]} {[%emt 00:00:22]} Kc5 {[%clk
01:27:24]} {[%emt 00:00:21]} 32. Rxh6 {[%clk 01:12:34]} {[%emt 00:00:09]} Rd2
{[%clk 01:27:52]} 33. f5 {[%clk 01:12:33]} {[%emt 00:00:38]} Rf2 {[%clk
01:28:04]} {[%emt 00:00:18]} 34. f6 {[%clk 01:12:36]} {[%emt 00:00:27]} Kd6
{[%clk 01:27:06]} {[%emt 00:01:24]} 35. Re1 {[%clk 01:11:00]} {[%emt 00:02:05]}
1-0

[Event "ODJM C 2024"]
[Site "Willingen GER"]
[Date "2024.05.22"]
[Round "5"]
[White "Rafikov, Artur"]
[Black "Savchuk, Andrej"]
[Result "0-1"]
[Termination "normal"]
[Board "25"]
[WhiteElo "1021"]
[BlackElo "1576"]
[WhiteClock "01:12:18"]
[BlackClock "01:03:14"]
[PlyCount "46"]
[WhiteFideId "34642676"]
[BlackFideId "34621180"]
[EventCountry "GER"]
[EventRounds "9"]
[EventType "swiss"]
[EventDate "2024.05.18"]

1. e4 {[%clk 01:30:59]} {[%emt 00:00:01]} d5 {[%clk 01:30:46]} {[%emt
00:00:13]} 2. exd5 {[%clk 01:31:17]} {[%emt 00:00:13]} Nf6 {[%clk 01:30:30]}
{[%emt 00:00:47]} 3. d4 {[%clk 01:31:19]} {[%emt 00:00:27]} Qxd5 {[%clk
01:29:14]} {[%emt 00:01:46]} 4. Nc3 {[%clk 01:30:56]} {[%emt 00:00:53]} Qd8
{[%clk 01:28:54]} {[%emt 00:00:49]} 5. Nf3 {[%clk 01:30:43]} {[%emt 00:00:43]}
e6 {[%clk 01:29:03]} {[%emt 00:00:21]} 6. a3 {[%emt 00:02:12]} Nc6 {[%clk
01:23:55]} {[%emt 00:03:47]} 7. Bg5 {[%clk 01:31:01]} {[%emt 00:00:22]} Be7
{[%clk 01:22:36]} {[%emt 00:01:48]} 8. Bb5 {[%clk 01:29:49]} {[%emt 00:01:41]}
Bd7 {[%clk 01:22:18]} {[%emt 00:00:49]} 9. O-O {[%clk 01:29:18]} {[%emt
00:01:01]} O-O {[%clk 01:22:40]} {[%emt 00:00:07]} 10. Qd2 {[%clk 01:29:05]}
{[%emt 00:00:45]} Nd5 {[%clk 01:18:06]} {[%emt 00:05:02]} 11. Nxd5 {[%clk
01:27:10]} {[%emt 00:02:26]} exd5 {[%clk 01:18:00]} {[%emt 00:00:36]} 12. c3
{[%clk 01:24:59]} {[%emt 00:02:41]} a6 {[%clk 01:14:46]} {[%emt 00:03:45]} 13.
Ba4 {[%clk 01:25:04]} {[%emt 00:00:25]} Bxg5 {[%clk 01:14:36]} {[%emt
00:00:40]} 14. Nxg5 {[%clk 01:24:35]} {[%emt 00:00:59]} b5 {[%clk 01:14:21]}
{[%emt 00:00:45]} 15. Bb3 {[%clk 01:24:03]} {[%emt 00:01:01]} Bc8 {[%clk
01:09:25]} {[%emt 00:05:25]} 16. f4 {[%clk 01:22:52]} {[%emt 00:01:42]} Na5
{[%clk 01:07:18]} {[%emt 00:02:38]} 17. Qd3 {[%clk 01:20:06]} {[%emt 00:03:15]}
f5 {[%clk 01:07:22]} {[%emt 00:00:26]} 18. Bc2 {[%clk 01:18:37]} {[%emt
00:02:00]} Nc4 {[%clk 01:07:09]} {[%emt 00:00:42]} 19. b3 {[%clk 01:17:48]}
{[%emt 00:01:20]} Nd6 {[%clk 01:07:26]} {[%emt 00:00:12]} 20. g4 {[%clk
01:16:33]} {[%emt 00:01:46]} h6 {[%clk 01:05:39]} {[%emt 00:02:17]} 21. Nf3
{[%clk 01:14:37]} {[%emt 00:02:26]} Ne4 {[%clk 01:04:17]} {[%emt 00:01:49]} 22.
gxf5 {[%clk 01:12:18]} {[%emt 00:02:51]} Bxf5 {[%clk 01:03:28]} {[%emt
00:01:20]} 23. Qd2 {[%emt 00:00:34]} Nxd2 {[%clk 01:03:14]} {[%emt 00:00:27]}
0-1

[Event "ODJM C 2024"]
[Site "Willingen GER"]
[Date "2024.05.22"]
[Round "5"]
[White "Finck, Julius"]
[Black "Berger, Jennifer"]
[Result "1-0"]
[Termination "normal"]
[Board "26"]
[WhiteElo "1579"]
[BlackElo "1462"]
[WhiteClock "01:16:42"]
[BlackClock "01:05:46"]
[PlyCount "37"]
[WhiteFideId "34660429"]
[BlackFideId "34630074"]
[EventCountry "GER"]
[EventRounds "9"]
[EventType "swiss"]
[EventDate "2024.05.18"]

1. e4 {[%clk 01:30:57]} {[%emt 00:00:03]} e5 {[%clk 01:30:55]} {[%emt
00:00:05]} 2. Nf3 {[%clk 01:30:54]} {[%emt 00:00:32]} Nc6 {[%clk 01:30:56]}
{[%emt 00:00:30]} 3. Bc4 {[%clk 01:30:27]} {[%emt 00:00:57]} Bc5 {[%clk
01:30:07]} {[%emt 00:01:19]} 4. c3 {[%clk 01:28:23]} {[%emt 00:02:35]} Nf6
{[%clk 01:29:23]} {[%emt 00:01:13]} 5. d3 {[%emt 00:01:17]} h6 {[%clk
01:28:35]} {[%emt 00:00:27]} 6. Nbd2 {[%clk 01:27:27]} {[%emt 00:01:29]} O-O
{[%clk 01:27:36]} {[%emt 00:01:29]} 7. h3 {[%clk 01:27:16]} {[%emt 00:00:39]}
d5 {[%clk 01:22:42]} {[%emt 00:05:26]} 8. exd5 {[%clk 01:26:19]} {[%emt
00:01:27]} Nxd5 {[%clk 01:22:21]} {[%emt 00:00:51]} 9. Ne4 {[%clk 01:25:09]}
{[%emt 00:01:38]} Bb6 {[%clk 01:18:21]} {[%emt 00:04:31]} 10. Bxh6 {[%clk
01:21:56]} {[%emt 00:03:44]} Nf6 {[%clk 01:14:47]} {[%emt 00:04:04]} 11. Bg5
{[%clk 01:21:09]} {[%emt 00:01:17]} Bf5 {[%clk 01:12:55]} {[%emt 00:02:22]} 12.
Nxf6+ {[%clk 01:20:35]} {[%emt 00:01:04]} gxf6 {[%clk 01:13:12]} {[%emt
00:00:14]} 13. Bh6 {[%clk 01:19:21]} {[%emt 00:01:39]} Re8 {[%clk 01:12:19]}
{[%emt 00:01:28]} 14. Nh4 {[%clk 01:17:07]} {[%emt 00:02:43]} Bg6 {[%clk
01:12:04]} {[%emt 00:00:46]} 15. Nxg6 {[%clk 00:00:00]} {[%emt 00:01:36]} Kh7
{[%clk 01:11:51]} {[%emt 00:01:13]} 16. Qh5 {[%clk 01:17:46]} {[%emt 00:01:26]}
fxg6 {[%clk 01:12:01]} {[%emt 00:00:23]} 17. Qh4 {[%clk 01:17:15]} {[%emt
00:00:52]} Qd4 {[%clk 01:05:58]} {[%emt 00:06:43]} 18. Bf4+ {[%clk 01:16:25]}
{[%emt 00:01:18]} Kg7 {[%clk 01:05:46]} {[%emt 00:00:43]} 19. Qh6# {[%clk
01:16:42]} {[%emt 00:00:10]} 1-0

[Event "ODJM C 2024"]
[Site "Willingen GER"]
[Date "2024.05.22"]
[Round "5"]
[White "Mahr, Mikka"]
[Black "Weidenhöfer, Ben"]
[Result "0-1"]
[Termination "normal"]
[Board "27"]
[WhiteElo "1016"]
[BlackElo "1554"]
[WhiteClock "00:41:52"]
[BlackClock "01:13:02"]
[PlyCount "72"]
[WhiteFideId "34699597"]
[BlackFideId "16273702"]
[EventCountry "GER"]
[EventRounds "9"]
[EventType "swiss"]
[EventDate "2024.05.18"]

1. e4 {[%clk 01:30:58]} {[%emt 00:00:01]} c6 {[%clk 01:30:55]} {[%emt
00:00:05]} 2. d4 {[%clk 01:31:26]} {[%emt 00:00:02]} d5 {[%clk 01:31:22]}
{[%emt 00:00:04]} 3. Nc3 {[%clk 01:31:49]} {[%emt 00:00:07]} dxe4 {[%clk
01:31:40]} {[%emt 00:00:12]} 4. Nxe4 {[%clk 01:32:10]} {[%emt 00:00:09]} Bf5
{[%clk 01:32:02]} {[%emt 00:00:09]} 5. Ng3 {[%clk 01:32:33]} {[%emt 00:00:07]}
Bg6 {[%clk 01:32:27]} {[%emt 00:00:05]} 6. h4 {[%clk 01:32:55]} {[%emt
00:00:07]} h6 {[%clk 01:32:29]} {[%emt 00:00:28]} 7. Nf3 {[%clk 01:33:20]}
{[%emt 00:00:06]} Nd7 {[%clk 01:32:42]} {[%emt 00:00:17]} 8. Bd3 {[%clk
01:33:41]} {[%emt 00:00:10]} Bxd3 {[%clk 01:33:06]} {[%emt 00:00:06]} 9. Qxd3
{[%clk 01:34:05]} {[%emt 00:00:05]} e6 {[%clk 01:33:09]} {[%emt 00:00:27]} 10.
c3 {[%clk 01:34:08]} {[%emt 00:00:27]} Ngf6 {[%clk 01:33:19]} {[%emt 00:00:20]}
11. Bf4 {[%clk 01:34:26]} {[%emt 00:00:12]} Be7 {[%emt 00:04:47]} 12. Nd2
{[%clk 01:28:09]} {[%emt 00:02:19]} Nd5 {[%clk 01:28:28]} {[%emt 00:05:32]} 13.
Be3 {[%clk 01:26:40]} {[%emt 00:01:59]} Bxh4 {[%clk 01:27:47]} {[%emt
00:01:11]} 14. Rh3 {[%clk 01:23:03]} {[%emt 00:04:07]} Nxe3 {[%clk 01:23:38]}
{[%emt 00:04:39]} 15. Qxe3 {[%clk 01:23:02]} {[%emt 00:00:20]} Bg5 {[%clk
01:23:21]} {[%emt 00:00:57]} 16. Qd3 {[%clk 01:22:39]} {[%emt 00:00:52]} Nf6
{[%clk 01:23:06]} {[%emt 00:00:45]} 17. Nde4 {[%clk 01:19:54]} {[%emt
00:03:14]} Nd5 {[%clk 01:22:13]} {[%emt 00:01:25]} 18. Qf3 {[%clk 01:18:23]}
{[%emt 00:02:01]} O-O {[%clk 01:20:52]} {[%emt 00:01:51]} 19. Nxg5 {[%clk
01:18:04]} {[%emt 00:00:48]} Qxg5 {[%clk 01:21:13]} {[%emt 00:00:09]} 20. Rh5
{[%clk 01:16:09]} {[%emt 00:02:26]} Qf4 {[%clk 01:20:49]} {[%emt 00:00:54]} 21.
Qxf4 {[%clk 01:14:00]} {[%emt 00:02:38]} Nxf4 {[%clk 01:21:12]} {[%emt
00:00:07]} 22. Rh2 {[%clk 01:12:59]} {[%emt 00:00:07]} b6 {[%clk 01:20:36]}
{[%emt 00:02:31]} 23. Kf1 {[%clk 01:11:01]} {[%emt 00:02:27]} Rab8 {[%clk
01:18:26]} {[%emt 00:02:40]} 24. Rh4 {[%clk 01:09:59]} {[%emt 00:01:32]} Ng6
{[%clk 01:17:56]} {[%emt 00:01:01]} 25. Rh2 {[%clk 01:03:08]} {[%emt 00:07:21]}
c5 {[%clk 01:17:58]} {[%emt 00:00:28]} 26. Ne2 {[%clk 00:57:40]} {[%emt
00:05:58]} Rfd8 {[%clk 01:16:25]} {[%emt 00:02:04]} 27. dxc5 {[%emt 00:01:43]}
bxc5 {[%emt 00:00:08]} 28. b3 {[%clk 00:54:41]} {[%emt 00:01:37]} a5 {[%clk
01:15:40]} {[%emt 00:01:15]} 29. Rh5 {[%clk 00:52:51]} {[%emt 00:02:20]} Rd5
{[%clk 01:14:49]} {[%emt 00:01:22]} 30. Rh3 {[%clk 00:50:53]} {[%emt 00:02:11]}
Rbd8 {[%clk 01:14:27]} {[%emt 00:01:08]} 31. Ke1 {[%emt 00:04:49]} Ne5 {[%emt
00:01:57]} 32. c4 {[%clk 00:41:49]} {[%emt 00:02:47]} R5d6 {[%clk 01:12:59]}
{[%emt 00:02:00]} 33. Re3 {[%clk 00:41:34]} {[%emt 00:00:37]} Nd3+ {[%clk
01:12:51]} {[%emt 00:00:45]} 34. Kf1 {[%clk 00:41:27]} {[%emt 00:00:34]} Nb4
{[%clk 01:12:34]} {[%emt 00:00:50]} 35. Ke1 {[%clk 00:41:35]} {[%emt 00:00:21]}
Nc2+ {[%clk 01:12:54]} {[%emt 00:00:10]} 36. Kf1 {[%clk 00:41:52]} {[%emt
00:00:13]} Rd1+ {[%clk 01:13:02]} {[%emt 00:00:22]} 0-1

[Event "ODJM C 2024"]
[Site "Willingen GER"]
[Date "2024.05.22"]
[Round "5"]
[White "Eßers, Mathilda Marie"]
[Black "Prigandt, Junis"]
[Result "0-1"]
[Termination "normal"]
[Board "28"]
[WhiteElo "923"]
[BlackElo "1181"]
[WhiteClock "00:53:52"]
[BlackClock "01:02:25"]
[PlyCount "66"]
[WhiteFideId "34684093"]
[BlackFideId "34631712"]
[EventCountry "GER"]
[EventRounds "9"]
[EventType "swiss"]
[EventDate "2024.05.18"]

1. d4 {[%clk 01:30:58]} Nf6 {[%clk 01:30:52]} {[%emt 00:00:09]} 2. Bf4 {[%clk
01:31:20]} {[%emt 00:00:07]} d5 {[%clk 01:29:57]} {[%emt 00:01:26]} 3. e3
{[%clk 01:31:34]} {[%emt 00:00:15]} g6 {[%clk 01:29:49]} {[%emt 00:00:39]} 4.
Nf3 {[%clk 01:31:47]} {[%emt 00:00:16]} Bg7 {[%clk 01:29:57]} {[%emt 00:00:22]}
5. Be2 {[%clk 01:31:54]} {[%emt 00:00:23]} Ne4 {[%clk 01:29:54]} {[%emt
00:00:34]} 6. c4 {[%clk 01:31:58]} {[%emt 00:00:26]} c5 {[%clk 01:30:15]}
{[%emt 00:00:10]} 7. Nc3 {[%clk 01:31:59]} {[%emt 00:00:27]} cxd4 {[%clk
01:30:29]} {[%emt 00:00:18]} 8. exd4 {[%clk 01:32:19]} {[%emt 00:00:09]} Nxc3
{[%clk 01:30:36]} {[%emt 00:00:24]} 9. bxc3 {[%clk 01:32:34]} {[%emt 00:00:15]}
Nc6 {[%clk 01:30:43]} {[%emt 00:00:24]} 10. O-O {[%clk 01:32:17]} {[%emt
00:00:46]} O-O {[%emt 00:01:03]} 11. c5 {[%clk 01:32:14]} {[%emt 00:00:11]} Bf5
{[%clk 01:30:34]} {[%emt 00:00:28]} 12. h3 {[%clk 01:30:21]} {[%emt 00:02:23]}
h5 {[%clk 01:30:30]} {[%emt 00:00:35]} 13. c4 {[%clk 01:26:33]} {[%emt
00:04:18]} dxc4 {[%clk 01:30:21]} {[%emt 00:00:40]} 14. Be3 {[%clk 01:24:56]}
{[%emt 00:02:07]} Be6 {[%clk 01:28:57]} {[%emt 00:01:54]} 15. a4 {[%clk
01:23:24]} {[%emt 00:02:02]} b6 {[%clk 01:27:44]} {[%emt 00:01:42]} 16. cxb6
{[%clk 01:20:40]} {[%emt 00:03:13]} Qxb6 {[%clk 01:28:04]} {[%emt 00:00:11]}
17. d5 {[%clk 01:20:43]} {[%emt 00:00:27]} Qc7 {[%clk 01:26:58]} {[%emt
00:01:35]} 18. Rc1 {[%clk 01:19:02]} {[%emt 00:02:12]} Na5 {[%clk 01:23:32]}
{[%emt 00:03:56]} 19. dxe6 {[%clk 01:18:47]} {[%emt 00:00:46]} fxe6 {[%clk
01:23:45]} {[%emt 00:00:18]} 20. Nd2 {[%clk 01:15:27]} {[%emt 00:03:49]} c3
{[%clk 01:22:53]} {[%emt 00:01:23]} 21. Rc2 {[%clk 01:14:29]} {[%emt 00:01:28]}
Rfd8 {[%clk 01:22:03]} {[%emt 00:01:19]} 22. Qc1 {[%clk 01:11:58]} {[%emt
00:03:01]} Rac8 {[%clk 01:22:03]} {[%emt 00:00:30]} 23. Nb1 {[%clk 01:11:10]}
{[%emt 00:01:18]} Nb3 {[%clk 01:18:54]} {[%emt 00:03:39]} 24. Qa3 {[%clk
01:08:26]} {[%emt 00:03:06]} Nd4 {[%clk 01:17:09]} {[%emt 00:02:24]} 25. Bxd4
{[%clk 01:06:47]} {[%emt 00:02:08]} Bxd4 {[%clk 01:16:30]} {[%emt 00:01:09]}
26. Rd1 {[%clk 01:06:28]} {[%emt 00:00:49]} Bc5 {[%clk 01:08:34]} {[%emt
00:08:27]} 27. Rxd8+ {[%clk 01:06:34]} {[%emt 00:00:24]} Qxd8 {[%clk 01:08:13]}
{[%emt 00:00:51]} 28. Qa2 {[%clk 01:05:09]} {[%emt 00:01:42]} Kf7 {[%clk
01:06:20]} {[%emt 00:02:36]} 29. Bc4 {[%clk 01:02:25]} {[%emt 00:03:11]} Qd1+
{[%clk 01:04:42]} {[%emt 00:02:11]} 30. Kh2 {[%clk 01:00:58]} {[%emt 00:01:57]}
Bd6+ {[%clk 01:04:29]} {[%emt 00:00:43]} 31. g3 {[%clk 01:01:13]} {[%emt
00:00:14]} Rxc4 {[%clk 01:04:14]} {[%emt 00:00:46]} 32. Nxc3 {[%clk 01:00:10]}
{[%emt 00:01:33]} Qd3 {[%clk 01:02:42]} {[%emt 00:02:02]} 33. Qb2 {[%clk
00:53:52]} {[%emt 00:06:47]} Be5 {[%clk 01:02:25]} {[%emt 00:00:48]} 0-1

[Event "ODJM C 2024"]
[Site "Willingen GER"]
[Date "2024.05.22"]
[Round "5"]
[White "Racky, Benedikt"]
[Black "Michaelis, Leon"]
[Result "1-0"]
[Termination "normal"]
[Board "29"]
[WhiteElo "1180"]
[BlackElo "917"]
[WhiteClock "01:11:32"]
[BlackClock "01:15:06"]
[PlyCount "59"]
[WhiteFideId "16239458"]
[BlackFideId "34660542"]
[EventCountry "GER"]
[EventRounds "9"]
[EventType "swiss"]
[EventDate "2024.05.18"]

1. d4 {[%clk 01:30:59]} {[%emt 00:22:56]} d5 {[%clk 01:30:58]} {[%emt
00:00:02]} 2. Bf4 {[%clk 01:31:22]} {[%emt 00:00:07]} Nf6 {[%clk 01:30:42]}
{[%emt 00:00:46]} 3. e3 {[%clk 01:31:31]} {[%emt 00:00:20]} Bf5 {[%clk
01:30:58]} {[%emt 00:00:14]} 4. Nf3 {[%clk 01:31:44]} {[%emt 00:00:17]} e6
{[%clk 01:31:10]} {[%emt 00:00:19]} 5. Bd3 {[%clk 01:32:01]} {[%emt 00:00:12]}
Bg6 {[%clk 01:30:37]} {[%emt 00:01:03]} 6. Ne5 {[%clk 01:32:11]} {[%emt
00:00:20]} Bb4+ {[%clk 01:29:45]} {[%emt 00:01:22]} 7. c3 {[%clk 01:32:32]}
{[%emt 00:00:09]} Bd6 {[%clk 01:29:56]} {[%emt 00:00:19]} 8. Qc2 {[%clk
01:32:04]} {[%emt 00:02:58]} Nfd7 {[%clk 01:26:57]} {[%emt 00:01:29]} 9. Nd2
{[%clk 01:26:50]} {[%emt 00:05:44]} Nc6 {[%clk 01:25:59]} {[%emt 00:01:28]} 10.
Ndf3 {[%clk 01:27:02]} {[%emt 00:00:17]} Bxd3 {[%clk 01:25:57]} {[%emt
00:00:32]} 11. Qxd3 {[%clk 01:26:39]} {[%emt 00:00:53]} f6 {[%clk 01:25:10]}
{[%emt 00:01:18]} 12. Nxc6 {[%clk 01:26:36]} {[%emt 00:00:33]} bxc6 {[%clk
01:25:26]} {[%emt 00:00:14]} 13. Bg3 {[%clk 01:26:28]} {[%emt 00:00:38]} O-O
{[%clk 01:24:57]} {[%emt 00:00:59]} 14. c4 {[%clk 01:25:57]} {[%emt 00:01:01]}
e5 {[%clk 01:24:53]} {[%emt 00:00:33]} 15. Qc2 {[%clk 01:24:54]} {[%emt
00:01:34]} Re8 {[%clk 01:23:02]} {[%emt 00:02:21]} 16. c5 {[%clk 01:24:30]}
{[%emt 00:00:54]} Be7 {[%clk 01:20:52]} {[%emt 00:02:40]} 17. O-O {[%clk
01:24:46]} {[%emt 00:00:13]} e4 {[%clk 01:19:57]} {[%emt 00:01:26]} 18. Nd2
{[%clk 01:24:56]} {[%emt 00:00:20]} f5 {[%clk 01:19:14]} {[%emt 00:01:12]} 19.
f3 {[%clk 01:23:03]} {[%emt 00:02:24]} Rf8 {[%clk 01:19:09]} {[%emt 00:00:35]}
20. fxe4 {[%clk 01:22:07]} {[%emt 00:01:26]} fxe4 {[%clk 01:18:54]} {[%emt
00:00:45]} 21. Nb3 {[%clk 01:17:54]} {[%emt 00:04:43]} Rb8 {[%clk 01:18:45]}
{[%emt 00:00:38]} 22. Na5 {[%clk 01:17:47]} {[%emt 00:00:38]} Rb5 {[%clk
01:18:38]} {[%emt 00:00:37]} 23. Nxc6 {[%clk 01:17:50]} {[%emt 00:00:27]} Qe8
{[%clk 01:18:15]} {[%emt 00:00:52]} 24. Bxc7 {[%clk 01:16:58]} {[%emt
00:01:23]} Nxc5 {[%clk 01:17:55]} {[%emt 00:00:50]} 25. Nxe7+ {[%clk 01:16:47]}
{[%emt 00:00:41]} Qxe7 {[%clk 01:18:04]} {[%emt 00:00:21]} 26. Be5 {[%clk
01:13:08]} {[%emt 00:04:10]} Nd3 {[%clk 01:17:55]} {[%emt 00:00:38]} 27. Qc6
{[%clk 01:12:32]} {[%emt 00:01:04]} Rxb2 {[%clk 01:17:07]} {[%emt 00:01:20]}
28. Bd6 {[%clk 01:11:05]} {[%emt 00:01:58]} Rxf1+ {[%clk 01:17:21]} {[%emt
00:00:16]} 29. Rxf1 {[%clk 01:11:27]} {[%emt 00:00:08]} Rb6 {[%clk 01:15:06]}
{[%emt 00:02:45]} 30. Qc8+ {[%clk 01:11:32]} {[%emt 00:00:25]} 1-0